|
|
|
|
| LEADER |
00000nam0a2200000 4500 |
| 001 |
315020 |
| 005 |
20231102002733.0 |
| 035 |
|
|
|a (RuTPU)RU\TPU\book\340453
|
| 090 |
|
|
|a 315020
|
| 100 |
|
|
|a 20160224d1981 m y0rusy50 ca
|
| 101 |
0 |
|
|a rus
|
| 102 |
|
|
|a RU
|
| 105 |
|
|
|a y z 001ay
|
| 200 |
1 |
|
|a Ужгинский кремль
|e роман
|f В. В. Иванов
|g авт. предисл. Л. Гладковская
|
| 210 |
|
|
|a Москва
|c Художественная литература
|d 1981
|
| 215 |
|
|
|a 383 с.
|
| 320 |
|
|
|a Вступительная статья: с. 3-22
|
| 330 |
|
|
|a Роман "Ужгинский кремль" дает картину социального быта русской провинции первого послереволюционного десятилетия. Внимание автора сосредоточено на трудном противоборстве революционных сил, связанных со старинными ткацкими фабриками — мануфактурами — и религиозными силами, оплотом которых является городской кремль.
|
| 606 |
1 |
|
|a Русская литература современная
|2 stltpush
|3 (RuTPU)RU\TPU\subj\26373
|9 50316
|
| 610 |
1 |
|
|a художественная литература
|
| 610 |
1 |
|
|a романы
|
| 610 |
1 |
|
|a исторические романы
|
| 610 |
1 |
|
|a революционеры
|
| 610 |
1 |
|
|a революционное движение
|
| 675 |
|
|
|a Р2
|v 4
|
| 700 |
|
1 |
|a Иванов
|b В. В.
|g Всеволод Вячеславович
|
| 702 |
|
1 |
|a Гладковская
|b Л.
|4 080
|
| 801 |
|
1 |
|a RU
|b 63413507
|c 20160224
|
| 801 |
|
2 |
|a RU
|b 63413507
|c 20201224
|g RCR
|
| 942 |
|
|
|c BK
|